header

Coloring of plastics (Record no. 105694)

MARC details
000 -LEADER
fixed length control field 01187nam a2200313 a 4500
082 04 - DEWEY DECIMAL CLASSIFICATION NUMBER
Classification number 668.4/1
245 00 - TITLE STATEMENT
Title Coloring of plastics
250 ## - EDITION STATEMENT
Edition statement 2nd ed.
260 ## - PUBLICATION, DISTRIBUTION, ETC. (IMPRINT)
Place of publication New York :
Name of publisher Wiley-Interscience,
Year of publication 2003-
300 ## - PHYSICAL DESCRIPTION
Number of Pages v. <1 > :
Other physical details ill. (some col.).
505 1# - FORMATTED CONTENTS NOTE
Formatted contents note [1] Fundamentals
650 #0 - SUBJECT ADDED ENTRY--TOPICAL TERM
Topical Term Plastics
700 1# - ADDED ENTRY--PERSONAL NAME
Personal name Charvat, Robert A.,
856 40 - ELECTRONIC LOCATION AND ACCESS
Uniform Resource Identifier http://site.ebrary.com/lib/rucke/Doc?id=10114152

No items available.

© 2026 Rongo University
Contact us: librarian | system librarian | Rongo university